000 00428nam a22001577a 4500
003 MACL
005 20150606154635.0
008 150606b xxu||||| |||| 00| 0 eng d
040 _cMACL
082 _a658
100 _aSengupta,Prof. Partho S
_9147
245 _aPrinciples And Practices Of Management
260 _aNoida
_bVikas Publishing House
_c2012
650 _aManagement
_951
942 _2ddc
_cBK
_h658
999 _c49795
_d49795